000 00765nam a22002657a 4500
005 20250721100421.0
008 230828b ||||| |||| 00| 0 eng d
020 _a9789395854498
040 _cAL
041 _aEnglish
082 _223
_a657.95
_bGOWC
100 _aIshwara Gowda P and others
_9219503
245 _aCorporate Accounting
260 _aHyderabad
_bProfessional Book Publisher
_c2020
300 _aviii,320p
_bPB
_c23x18 cm.
365 _a4041
_b₹228.00
_c
_d₹285.00
_e20%
_f23-08-2023
650 _aIII SEM
_9131144
650 _aBCom
_9131145
650 _aNEP
_9131146
700 _aGowda, Ishwara P
_9131147
700 _aSuresh, V
_9131148
700 _aKumar, Naveen K
_9131149
700 _aMadhava, M
_9131150
942 _2ddc
_cBK
999 _c228526
_d228526